Essays in economics and econometrics : (Record no. 49214)
[ view plain ]
| 000 -LEADER | |
|---|---|
| fixed length control field | 01006nam a2200241 a 4500 |
| 001 - CONTROL NUMBER | |
| control field | 49214 |
| 003 - CONTROL NUMBER IDENTIFIER | |
| rucl marc code | BD-RjUL |
| 005 - DATE AND TIME OF LATEST TRANSACTION | |
| control field | 20211209054642.0 |
| 008 - FIXED-LENGTH DATA ELEMENTS--GENERAL INFORMATION | |
| fixed length control field | 160818s1960 ck a|||| |b|| 000 0 eng d |
| 035 ## - SYSTEM CONTROL NUMBER | |
| System control number | (BD-RjUL)49333 |
| 040 ## - CATALOGING SOURCE | |
| Original cataloging agency | BD-RjUL |
| Language of cataloging | eng |
| Transcribing agency | BD-RjUL |
| Modifying agency | BD-RjUL |
| 041 ## - LANGUAGE CODE | |
| Language code of text/sound track or separate title | eng |
| 082 ## - DEWEY DECIMAL CLASSIFICATION NUMBER | |
| Edition number | 23 |
| Classification number | 330 |
| Author mark and year | ESS 1960 |
| 245 ## - TITLE STATEMENT | |
| Title | Essays in economics and econometrics : |
| Remainder of title | a volume in honor of Harold Hotelling / |
| Statement of responsibility, etc. | Ralph W. Pfouts |
| 260 ## - PUBLICATION, DISTRIBUTION, ETC. (IMPRINT) | |
| Place of publication, distribution, etc. | Chapel Hill : |
| Name of publisher, distributor, etc. | University of North Carolina by the University of North Carolina Press, |
| Date of publication, distribution, etc. | 1960 |
| 300 ## - PHYSICAL DESCRIPTION | |
| Pagination | vii, 240 p. : |
| Illustrations | ill. |
| Size | 23 cm. |
| 490 ## - SERIES STATEMENT | |
| Series statement | University of North Carolina at Chapel Hill.; School of Business Administration.; Studies in economics and business administration. |
| 504 ## - BIBLIOGRAPHY, ETC. NOTE | |
| Bibliography, etc | Includes biblography |
| 650 ## - SUBJECT ADDED ENTRY--TOPICAL TERM | |
| Topical term or geographic name as entry element | Economics |
| 9 (RLIN) | 147923 |
| 700 ## - ADDED ENTRY--PERSONAL NAME | |
| Personal name | Pfouts, Ralph W. |
| 856 ## - ELECTRONIC LOCATION AND ACCESS | |
| Materials specified | University of North Carolina at Chapel Hill.; School of Business Administration.; Studies in economics and business administration. |
| 942 ## - ADDED ENTRY ELEMENTS (KOHA) | |
| Source of classification or shelving scheme | Dewey Decimal Classification |
| Koha item type | Books |
| Lost status | Source of classification or shelving scheme | Damaged status | Not for loan | Collection code | Permanent Location | Current Location | Shelving location | Date acquired | Source of acquisition | Cost, normal purchase price | Total Checkouts | Full call number | Date last seen | Copy number | Koha item type |
|---|---|---|---|---|---|---|---|---|---|---|---|---|---|---|---|
| Dewey Decimal Classification | Non-fiction | Central Library, University of Rajshahi | Central Library, University of Rajshahi | 15/08/1970 | Zeitlinger | 71.00 | 330 ESS 1960 | 18/08/2016 | C-2 | Books |